000 00508nam a2200169 a 4500
001 13680
003 CO-ViMGA
008 141112s2004 ck r 000 u spa d
040 _aCO-ViMGA
_bspa
_cCO-ViMGA
082 0 4 _a332.67373 G65i
100 1 _aGonzalez C., Pablo
_919964
245 1 0 _aLa ideologia norteAméricana sobre inversiones extranjeras
260 _aMexico :
_bEscuela Nacional de Economía,
_c1955
300 _a189
650 1 4 _aINVERSIONES EXTRANJERAS - ESTADOS UNIDOS
_919965
942 _2ddc
_cBK
999 _c24403
_d24403